• 首页
  • 本馆介绍
  • 公告通知
  • 最新文献
  • 馆藏检索
  • 电子资源
  • 读者导购
  • 参考咨询
  • 我的图书馆
  • 登录
  • 详细信息显示
  • 放入我的书架
  • 预约/预借图书
  • 作者相关作品
  • 分类相关作品
  • 丛书相关作品
  • 出版社相关作品

书目信息

  • 表格格式
  • 工作单格式
  • 卡片格式
题名:
中国语言学史
    
 
作者: 王力 著
分册:  
出版信息: 上海   复旦大学出版社  2006
页数: 174页
开本: 22cm
丛书名:
单 册:
中图分类: H1-09
科图分类:
主题词: 汉语史
电子资源:
ISBN: 7-309-04721-4
000 00797nam0 2200229 450
001 012007484999
005 20070516170938.51
010    @a7-309-04721-4@dCNY20.00
100    @a20070426d2006 km y0chiy0120 ea
101 0  @achi
102    @aCN@b310000
105    @ay z 000yy
106    @ar
200 1  @a中国语言学史@Azhong guo yu yan xue shi@f王力著@Fwang li zhu
210    @a上海@c复旦大学出版社@d2006
215    @a174页@d22cm
330    @a本书是我国第一部《中国语言学史》著作,所叙述的是最广泛意义上的中国语言学简史,严格地说,应称为汉语言研究简史。它详尽地论述了中国语言学在不同阶段的发展及研究成就,对我国两千多年来的语文研究和语言学遗产。
606 0  @a汉语史
690    @aH1-09@v4
701  0 @a王力@Awang li@f(1900~1986)@4著
801  0 @aCN@bRULIN@c20070516
905    @dH1-09@e126@s7
    
    中国语言学史/王力著.-上海:复旦大学出版社,2006
    174页;22cm
    
    
    ISBN 7-309-04721-4:CNY20.00
    本书是我国第一部《中国语言学史》著作,所叙述的是最广泛意义上的中国语言学简史,严格地说,应称为汉语言研究简史。它详尽地论述了中国语言学在不同阶段的发展及研究成就,对我国两千多年来的语文研究和语言学遗产。
●
相关链接 在E读中查询图书 在五车中查询图书 在当当中查询图书 在豆瓣中查询图书


正题名:中国语言学史     索取号:H1-09/126         预约/预借

序号 登录号 条形码 馆藏地/架位号 状态 备注
1 0571581   205715813   第二样本阅览室/ [索取号:H1-09/126] 在馆    
2 0571582   205715822   第四借阅区/ [索取号:H1-09/126] 在馆    
3 0571583   205715831   第四借阅区/ [索取号:H1-09/126] 在馆    
4 0571584   205715840   第四借阅区/ [索取号:H1-09/126] 在馆    
5 0571585   205715859   第四借阅区/ [索取号:H1-09/126] 在馆    
6 0571586   205715868   第四借阅区/ [索取号:H1-09/126] 在馆    
7 0571587   205715877   第四借阅区/ [索取号:H1-09/126] 在馆    
唐山师范学院图书馆 欢迎您!
大连网信软件有限公司© 版权所有